Introduction to Vascular Ultrasonography (Record no. 10774)
[ view plain ]
| 000 -LEADER | |
|---|---|
| fixed length control field | 00554nam a2200157 4500 |
| 008 - FIXED-LENGTH DATA ELEMENTS--GENERAL INFORMATION | |
| fixed length control field | 151209b xxu||||| |||| 00| 0 eng d |
| 020 ## - INTERNATIONAL STANDARD BOOK NUMBER | |
| International Standard Book Number | 0721669492 |
| 050 ## - LIBRARY OF CONGRESS CALL NUMBER | |
| Classification number | SPE RC 691.6 .U47I57 2000 |
| 100 ## - MAIN ENTRY--PERSONAL NAME | |
| Personal name | Zwiebel, William J. |
| Dates associated with a name | 2000 |
| 245 ## - TITLE STATEMENT | |
| Title | Introduction to Vascular Ultrasonography |
| Statement of responsibility, etc. | William J. Zwiebel |
| 250 ## - EDITION STATEMENT | |
| Edition statement | 4th ed. |
| 260 ## - PUBLICATION, DISTRIBUTION, ETC. (IMPRINT) | |
| Place of publication, distribution, etc. | London: |
| Name of publisher, distributor, etc. | W.B saunders Company, |
| Date of publication, distribution, etc. | 2000. |
| 300 ## - PHYSICAL DESCRIPTION | |
| Extent | xiv, 505p.: ill. |
| 650 ## - SUBJECT ADDED ENTRY--TOPICAL TERM | |
| Topical term or geographic name as entry element | Blood- Vessels- Ultrasonic Imaging |
| 942 ## - ADDED ENTRY ELEMENTS (KOHA) | |
| Source of classification or shelving scheme | |
| Koha item type | Hard Covered Materials |
| Classification part | SPE RC 691.6 .U47I57 2000 |
| Withdrawn status | Lost status | Source of classification or shelving scheme | Damaged status | Not for loan | Home library | Current library | Date acquired | Source of acquisition | Total Checkouts | Full call number | Barcode | Date last seen | Price effective from | Koha item type |
|---|---|---|---|---|---|---|---|---|---|---|---|---|---|---|
| MACHAKOS UNIVERSITY LIBRARY | MACHAKOS UNIVERSITY LIBRARY | 09/12/2015 | Donation [B.F.A] | SPE RC 691.6 .U47I57 2000 | 18959 | 09/12/2015 | 09/12/2015 | Hard Covered Materials |